000 00435nam a2200181Ia 4500
005 20250423101111.0
008 250422s9999 xx 000 0 und d
020 _a0-19-434134-8
100 _aSandra Silberstein
245 0 _aTechniques and Resources in Teaching Reading
250 _a2nd
260 _aNew York
260 _bOxford University Press
260 _c1988
300 _a125 p
650 _aTeaching
942 _cBK
999 _c35287
_d35287